बनते बिगडते भारत का लेखा- जोखा/ (Record no. 211009)
[ view plain ]
| 000 -LEADER | |
|---|---|
| fixed length control field | 00814nam a22001817a 4500 |
| 005 - DATE AND TIME OF LATEST TRANSACTION | |
| control field | 20250417140804.0 |
| 010 ## - LCCN (DPL NO) | |
| LC control number | HIN-129666 |
| 020 ## - INTERNATIONAL STANDARD BOOK NUMBER | |
| Terms of availability | 995.00 |
| International Standard Book Number | 9788171382736 |
| 035 ## - SYSTEM CONTROL NUMBER | |
| System control number | HN-102012 |
| 037 ## - SOURCE OF ACQUISITION | |
| Source of stock number/acquisition | DBAD |
| 082 ## - DEWEY DECIMAL CLASSIFICATION NUMBER | |
| Classification number | 070 |
| Edition number | 1 |
| 100 ## - MAIN ENTRY--PERSONAL NAME | |
| Personal name | शेखर, शशि |
| 245 ## - TITLE STATEMENT | |
| Title | बनते बिगडते भारत का लेखा- जोखा/ |
| Statement of responsibility, etc | शशि शेखर. |
| Medium | हिंदी |
| 260 ## - PUBLICATION, DISTRIBUTION, ETC. (IMPRINT) | |
| Place of publication, distribution, etc | नई दिल्ली |
| Name of publisher, distributor, etc | सामयिक प्रकाशन |
| Date of publication, distribution, etc | 2013 |
| 270 ## - ADDRESS | |
| Address | 3320-21, जटवाडा, नेताजी सुभाष मार्ग दरियागंज , |
| City | नई दिल्ली |
| Postal code | 110002 |
| Telephone number | 9868934715 |
| -- | 7065507086 |
| 300 ## - PHYSICAL DESCRIPTION | |
| Extent | 415 पृ. |
| Dimensions | 22 से.मी. (सजिल्द) |
| 942 ## - ADDED ENTRY ELEMENTS (KOHA) | |
| Source of classification or shelving scheme | Dewey Decimal Classification |
| Item type | Hindi Books |
| Classification part | 070 |
| Call number suffix | शेखर |
| Edition | 1 |
| Withdrawn status | Lost status | Not for loan | Collection code | Home library | Current library | Date acquired | Source of acquisition | Cost, normal purchase price | Full call number | Barcode | Copy number | Cost, replacement price | Koha item type |
|---|---|---|---|---|---|---|---|---|---|---|---|---|---|
| Non-fiction | Patel Nagar | Patel Nagar | 17/04/2025 | DBAD | 995.00 | 070 शेखर | HN-102012 | 1 | 995.00 | Hindi Books |
